Maternidad en la relación laboral /
Estudia la legislación costarricense sobre protección a la maternidad, con énfasis en la mujer trabajadora y establece una comparación con algunos países latinoamericanos. Propone la adecuación de la legislación costarricense protectora de la maternidad para ampliar los períodos de descanso pre y po...
Saved in:
| Main Author: | |
|---|---|
| Format: | Thesis |
| Published: |
San José:
Universidad de Costa Rica
|
| Subjects: | |
| Tags: |
Add Tag
No Tags, Be the first to tag this record!
|
MARC
| LEADER | 00000 a a2200000 04500 | ||
|---|---|---|---|
| 001 | 19558 | ||
| 003 | |||
| 040 | |a CRAI/IIS |c CRAI/IIS | ||
| 090 | |a 07763.00 | ||
| 100 | |a Sánchez, Georgina | ||
| 245 | |a Maternidad en la relación laboral / |c Georgina Sánchez | ||
| 260 | |a San José: |b Universidad de Costa Rica | ||
| 300 | |a 180 páginas | ||
| 502 | |a Tesis (Licenciada en Derecho) -- Universidad de Costa Rica, 1977 | ||
| 520 | |a Estudia la legislación costarricense sobre protección a la maternidad, con énfasis en la mujer trabajadora y establece una comparación con algunos países latinoamericanos. Propone la adecuación de la legislación costarricense protectora de la maternidad para ampliar los períodos de descanso pre y post natales: prohibir que las trabajadoras embarazadas laboren jornadas extraordinarias: establecer que los subsidios para ellas estén a cargo de la Caja Costarricense de Seguro Social en su totalidad intensificar el sistema de guarderías infantiles y establecer fuertes sanciones para las violaciones a tales disposiciones. Propone un proyecto de ley para lograr esas reformas. ALLV | ||
| 650 | |a TRABAJADORAS | ||
| 650 | |a LEGISLACION DEL TRABAJO | ||
| 650 | |a RELACIONES LABORALES | ||
| 650 | |a LICENCIA POR MATERNIDAD | ||
| 650 | |a MUJERES | ||
| 999 | |c 18124 |d 18124 | ||
